Normal view
MARC view
Entry Personal Name
001 - CONTROL NUMBER
- control field: 31159
003 - CONTROL NUMBER IDENTIFIER
- control field: OSt
005 - DATE AND TIME OF LATEST TRANSACTION
- control field: 20260408112211.0
008 - FIXED-LENGTH DATA ELEMENTS
- fixed length control field: 260408|| aca||aabn | a|a d
040 ## - CATALOGING SOURCE
- Original cataloging agency: OSt
- Transcribing agency: OSt
100 ## - HEADING--PERSONAL NAME
- Personal name: Orsini, Francesca..Ed
670 ## - SOURCE DATA FOUND
- Source citation: Work cat.: (OSt)48130: Digby, Simon, 29839, Tales, Translations, Trajectories:, 2026.


